000 00880cam a22002651 4500
001 1412
003 BD-RjUL
005 20211208233332.0
008 131125s1965 nyua b 001 0 eng
035 _a(BD-RjUL)1434
040 _aDLC
_cDLC
_dDLC
_dBD-RjUL
_beng
041 _aeng
082 0 0 _a154.708
_216
_bNAT 1965
245 1 4 _aThe nature of hypnosis :
_bselected basic readings /
_cedited by Ronald E. Shor and Martin T. Orne.
260 _aNew York :
_bHolt, Rinehart and Winston ,
_c1965
300 _avii, 504 p. :
_bill. ;
_c23 cm.
504 _aIncludes bibliographies and index.
650 0 _aHypnotism.
_94109
700 1 _aOrne, Martin T.,
_ejoint ed.
_94174
700 1 _aShor, Ronald E.
_94175
856 _uhttp://www.worldcat.org/title/readings-in-epistemology/oclc/981527&referer=brief_results
942 _2ddc
_cBK
999 _c1412
_d1412